000 00300nam a2200109Ia 4500
008 151021s9999 xx 000 0 und d
050 _aPL 8704 .W433K5 1985
245 _a_Kikulacho / Zainab B.A. Wahab
260 _aNairobi : K L B, 1985
300 _a139 p.
980 _a^d20110421 12:50:03^okilerai
999 _c7117
_d7117